Institution of Mechanical Engineers (Record no. 119753)

MARC details
000 -LEADER
fixed length control field 00808cam a2200169 4500
001 - CONTROL NUMBER
control field WS110468
008 - FIXED-LENGTH DATA ELEMENTS--GENERAL INFORMATION
fixed length control field 000000n 000 0 eng u
035 ## - SYSTEM CONTROL NUMBER
System control number (Sirsi) u110468
110 ## - MAIN ENTRY--CORPORATE NAME
Corporate name or jurisdiction name as entry element Institution of Mechanical Engineers
9 (RLIN) 549
245 ## - TITLE STATEMENT
Title Institution of Mechanical Engineers
520 ## - SUMMARY, ETC.
Summary, etc. Site for this professional body for mechanical engineers. Includes news, details of their divisions and groups, links to their publishing arm Professional Engineering Publishing, a database of consultants and details of their industrial liaison officers.
650 ## - SUBJECT ADDED ENTRY--TOPICAL TERM
Topical term or geographic name entry element ORGANISATION
650 ## - SUBJECT ADDED ENTRY--TOPICAL TERM
Topical term or geographic name entry element BUILT ENVIRONMENT-BUILDING INSPECTION
690 ## - LOCAL SUBJECT ADDED ENTRY--TOPICAL TERM (OCLC, RLIN)
Topical term or geographic name as entry element MANAGEMENT-BUSINESS MANAGEMENT-PROFESSIONAL PRACTICE
856 40 - ELECTRONIC LOCATION AND ACCESS
Uniform Resource Identifier <a href="https://www.imeche.org.uk">https://www.imeche.org.uk</a>
Public note View the website free of charge at www.imeche.org.uk...
942 ## - ADDED ENTRY ELEMENTS (KOHA)
Suppress in OPAC 0
Holdings
Withdrawn status Lost status Source of classification or shelving scheme Damaged status Not for loan Home library Current library Shelving location Date acquired Total Checkouts Full call number Barcode Date last seen Copy number Price effective from Koha item type
    Dewey Decimal Classification     Virtual Virtual Online 23/01/2001   WEB SITE 110468-2001 06/08/2019 1 06/08/2019 Online material